Regelungsprobleme der Gen- und Biotechnologie sowie der Humangenetik: [Symposium der Heidelberger Akademie der Wissenschaften und des Forschungsschwerpunkts Technologierecht der. Universität Heidelberg]
| Corporate Author: | |
|---|---|
| Contributors: | ; ; |
| Format: | Print Book |
| Language: | German English |
| Published: |
Heidelberg
Müller, Jurist. Verl.
1990
|
| In: |
Technologie und Recht (12)
Year: 1990 |
| Online Access: |
Table of Contents Table of Contents |
| Check availability: | HBZ Gateway |
| Subito Delivery Service: | Order now. |
| Keywords: |
MARC
| LEADER | 00000cam a2200000 c 4500 | ||
|---|---|---|---|
| 001 | 027424952 | ||
| 003 | DE-627 | ||
| 005 | 20260206192422.0 | ||
| 007 | tu | ||
| 008 | 900423s1990 gw ||||| 00| ||ger c | ||
| 015 | |a 90,N06,0238 |2 dnb | ||
| 015 | |a 90,N06,0238 |2 dnb | ||
| 016 | 7 | |a 900276428 |2 DE-101 | |
| 020 | |a 3811488899 |9 3-8114-8889-9 | ||
| 035 | |a (DE-627)027424952 | ||
| 035 | |a (DE-603)011812362 | ||
| 035 | |a (DE-576)020104634 | ||
| 035 | |a (DE-599)GBV027424952 | ||
| 035 | |a (OCoLC)22710395 | ||
| 035 | |a (OCoLC)243414861 | ||
| 035 | |a (OCoLC)243414861 | ||
| 040 | |a DE-627 |b ger |c DE-627 |e rakwb | ||
| 041 | |a ger |a eng | ||
| 044 | |c XA-DE | ||
| 050 | 0 | |a KK6228 | |
| 084 | |a 19 |2 sdnb | ||
| 084 | |a 19 |a 32 |a 33 |2 sdnb | ||
| 084 | |a PN 808 |2 rvk |0 (DE-625)rvk/137740: | ||
| 084 | |a PJ 2280 |2 rvk |0 (DE-625)rvk/136655: | ||
| 084 | |a PN 775 |2 rvk |0 (DE-625)rvk/137695: | ||
| 084 | |a BK 6100 |2 rvk |0 (DE-625)rvk/11925: | ||
| 084 | |a 58.30 |2 bkl | ||
| 084 | |a 44.48 |2 bkl | ||
| 245 | 0 | 0 | |a Regelungsprobleme der Gen- und Biotechnologie sowie der Humangenetik |b [Symposium der Heidelberger Akademie der Wissenschaften und des Forschungsschwerpunkts Technologierecht der. Universität Heidelberg] |c hrsg. von Fritz Nicklisch, Gotthard Schettler ... Mit Beitr. von Siegfried Adelmann ... |
| 264 | 1 | |a Heidelberg |b Müller, Jurist. Verl. |c 1990 | |
| 300 | |a X, 240 S. |b graph. Darst. | ||
| 336 | |a Text |b txt |2 rdacontent | ||
| 337 | |a ohne Hilfsmittel zu benutzen |b n |2 rdamedia | ||
| 338 | |a Band |b nc |2 rdacarrier | ||
| 490 | 1 | |a Technologie und Recht |v 12 | |
| 500 | |a Beitr. teilw. dt., teilw. engl | ||
| 583 | 1 | |a Archivierung/Langzeitarchivierung gewährleistet |f PEBW |x XA-DE-BW |2 pdager |5 DE-31 | |
| 583 | 1 | |a Archivierung/Langzeitarchivierung gewährleistet |f SSG |x XA-DE-BW |2 pdager |5 DE-21 | |
| 650 | 0 | 7 | |0 (DE-588)4048737-4 |0 (DE-627)106189719 |0 (DE-576)20907907X |a Recht |2 gnd |
| 650 | 0 | 7 | |0 (DE-588)4071722-7 |0 (DE-627)104642866 |0 (DE-576)209184736 |a Gentechnologie |2 gnd |
| 650 | 0 | 7 | |0 (DE-588)4072653-8 |0 (DE-627)106094564 |0 (DE-576)209187786 |a Humangenetik |2 gnd |
| 650 | 4 | |a Gentechnologie, Genetik, Hochschullehrer | |
| 653 | 0 | |a a |a Genetic engineering |a Law and legislation |a Germany (West) |a Congresses | |
| 653 | 0 | |a a |a Biotechnology industries |a Law and legislation |a Germany (West) |a Congresses | |
| 655 | 7 | |a Konferenzschrift |0 (DE-588)1071861417 |0 (DE-627)826484824 |0 (DE-576)433375485 |2 gnd-content | |
| 655 | 7 | |a Konferenzschrift |y 1989 |z Heidelberg |0 (DE-588)1071861417 |0 (DE-627)826484824 |0 (DE-576)433375485 |2 gnd-content | |
| 689 | 0 | 0 | |d s |0 (DE-588)4069491-4 |0 (DE-627)104642904 |0 (DE-576)209176938 |a Biotechnologie |2 gnd |
| 689 | 0 | 1 | |d s |0 (DE-588)4048737-4 |0 (DE-627)106189719 |0 (DE-576)20907907X |a Recht |2 gnd |
| 689 | 0 | |5 DE-101 | |
| 689 | 1 | 0 | |d s |0 (DE-588)4071722-7 |0 (DE-627)104642866 |0 (DE-576)209184736 |a Gentechnologie |2 gnd |
| 689 | 1 | |5 DE-101 | |
| 689 | 2 | 0 | |d s |0 (DE-588)4072653-8 |0 (DE-627)106094564 |0 (DE-576)209187786 |a Humangenetik |2 gnd |
| 689 | 2 | |5 DE-101 | |
| 689 | 3 | 0 | |d s |0 (DE-588)7864466-5 |0 (DE-627)700634509 |0 (DE-576)363224726 |a Gentechnikrecht |2 gnd |
| 689 | 3 | |5 (DE-627) | |
| 700 | 1 | |a Nicklisch, Fritz |d 1936-2022 |e Hrsg. |0 (DE-588)10603670X |0 (DE-627)582061970 |0 (DE-576)162377320 |4 edt | |
| 700 | 1 | |a Schettler, Gotthard |d 1917-1996 |0 (DE-588)119103575 |0 (DE-627)079896618 |0 (DE-576)211189200 |4 oth | |
| 700 | 1 | |a Adelmann, Siegfried |e Mitarb. |4 oth | |
| 710 | 2 | |a Heidelberger Akademie der Wissenschaften |0 (DE-588)2004744-7 |0 (DE-627)101497385 |0 (DE-576)19160383X |4 oth | |
| 830 | 0 | |a Technologie und Recht |v 12 |9 12 |w (DE-627)129152633 |w (DE-576)008893128 |w (DE-600)48877-X |7 am | |
| 856 | 4 | 2 | |u https://swbplus.bsz-bw.de/bsz020104634inh.htm |m V:DE-576 |v 2008-04-30 |3 Inhaltsverzeichnis |7 1 |
| 856 | 4 | 2 | |u http://scans.hebis.de/HEBCGI/show.pl?01181236_toc.pdf |m V:DE-603;B:DE-17 |q application/pdf |3 Inhaltsverzeichnis |7 1 |
| 889 | |w (DE-627)274532506 | ||
| 935 | |a mteo | ||
| 935 | |i mdedup | ||
| 935 | |i Blocktest | ||
| 936 | r | v | |a PN 808 |b Gefährlicher Stoff (BF Gefahrstoff), Chemikalienrecht, Gefahrgutbeförderungsrecht (BF Gefahrgut / Transportrecht), Gentechnologie / Recht (BF Gentechnikrecht) |k Rechtswissenschaft |k Verwaltungswissenschaften und Verwaltungsrecht |k Besonderes Verwaltungsrecht |k Recht der Naturnutzung und des Umweltschutzes |k Sonstige Umweltmaterien |k Gefährlicher Stoff (BF Gefahrstoff), Chemikalienrecht, Gefahrgutbeförderungsrecht (BF Gefahrgut / Transportrecht), Gentechnologie / Recht (BF Gentechnikrecht) |0 (DE-627)1271165449 |0 (DE-625)rvk/137740: |0 (DE-576)201165449 |
| 936 | r | v | |a PJ 2280 |b Forschung am Menschen (u.a. Reproduktionsmedizin, Genforschung und -technologie den Menschen betreffend) |k Rechtswissenschaft |k Medizinrecht (Biorecht, Recht des Gesundheitswesens, Arzneimittel- und Medizinproduktrecht, Medizinstrafrecht, Apothekenrecht) |k Ethisch-rechtliche Fragen zum Medizin- und Biorecht |k Forschung am Menschen (u.a. Reproduktionsmedizin, Genforschung und -technologie den Menschen betreffend) |0 (DE-627)1448227755 |0 (DE-625)rvk/136655: |0 (DE-576)378227750 |
| 936 | r | v | |a PN 775 |b Recht und Technik |k Rechtswissenschaft |k Verwaltungswissenschaften und Verwaltungsrecht |k Besonderes Verwaltungsrecht |k Recht und Technik |0 (DE-627)1271328828 |0 (DE-625)rvk/137695: |0 (DE-576)201328828 |
| 936 | r | v | |a BK 6100 |b Gesundheit, Krankheit, Tod, Schmerz |k Theologie und Religionswissenschaften |k Theologische Ethik/Moraltheologie |k Spezielle Moraltheologie/Spezielle Ethik |k Verantwortung für Leib und Leben |k Gesundheit, Krankheit, Tod, Schmerz |0 (DE-627)1270653105 |0 (DE-625)rvk/11925: |0 (DE-576)200653105 |
| 936 | r | u | |a PI 4530 |b Allgemeines, Recht auf Leben, Euthanasie, Selbstmord, Sterbehilfe, Patiententestament, Zwangsbehandlung, Rechtsprobleme bei bestimmten Krankheiten, insb. HIV |k Rechtswissenschaft |k Allgemeine Rechtslehre und Rechtstheorie, Rechts- und Staatsphilosophie, Rechtssoziologie |k Strafrechtsphilosophie sowie weltanschaulich umstrittene Fragen des Rechts |k Medizinisch-juristische Fragen |k Allgemeines, Recht auf Leben, Euthanasie, Selbstmord, Sterbehilfe, Patiententestament, Zwangsbehandlung, Rechtsprobleme bei bestimmten Krankheiten, insb. HIV |0 (DE-627)1270708171 |0 (DE-576)200708171 |z Ungueltig |
| 936 | b | k | |a 58.30 |j Biotechnologie |0 (DE-627)106405365 |
| 936 | b | k | |a 44.48 |j Medizinische Genetik |0 (DE-627)106409026 |
| 936 | s | n | |a b100 |2 mzub |
| 936 | s | n | |a p100 |2 mzub |
| 936 | s | n | |a w100 |2 mzub |
| 936 | s | n | |a w200 |2 mzub |
| 951 | |a BO | ||
| ELC | |b 1 | ||
| LOK | |0 000 xxxxxcx a22 zn 4500 | ||
| LOK | |0 001 333648507X | ||
| LOK | |0 003 DE-627 | ||
| LOK | |0 004 027424952 | ||
| LOK | |0 005 20150204105705 | ||
| LOK | |0 008 150204||||||||||||||||ger||||||| | ||
| LOK | |0 040 |a DE-21-110 |c DE-627 |d DE-21-110 | ||
| LOK | |0 689 |a s |a Gentechnologie | ||
| LOK | |0 689 |a s |a Biotechnologie | ||
| LOK | |0 689 |a s |a Humangenetik | ||
| LOK | |0 689 |a s |a Embryonenforschung | ||
| LOK | |0 852 |z Kein Bestand am IfK; Nachweis für KrimDok | ||
| LOK | |0 852 |a DE-21-110 | ||
| LOK | |0 852 1 |m v |9 00 | ||
| LOK | |0 935 |a k110 | ||
| LOK | |0 938 |k v | ||
| LOK | |0 939 |a 04-02-15 |b l01 | ||
| ORI | |a SA-MARC-krimdoka001.raw | ||
| TIM | |a 100019890101_100019891231 |b 1989 - 1989 | ||
